<?xml version="1.0" encoding="UTF-8"?>
<record
    xmlns:xsi="http://www.w3.org/2001/XMLSchema-instance"
    xsi:schemaLocation="http://www.loc.gov/MARC21/slim http://www.loc.gov/standards/marcxml/schema/MARC21slim.xsd"
    xmlns="http://www.loc.gov/MARC21/slim">

  <leader>02779nam a22003257a 4500</leader>
  <controlfield tag="001">1732</controlfield>
  <controlfield tag="003">FISKH</controlfield>
  <controlfield tag="005">20231003160837.0</controlfield>
  <controlfield tag="008">230921b        cb ||||| |||| 00| 0 khr d</controlfield>
  <datafield tag="020" ind1=" " ind2=" ">
    <subfield code="a">9789924340577</subfield>
  </datafield>
  <datafield tag="040" ind1=" " ind2=" ">
    <subfield code="a">FISKH </subfield>
    <subfield code="b">eng</subfield>
    <subfield code="c">FISKH </subfield>
    <subfield code="d">FISKH </subfield>
  </datafield>
  <datafield tag="082" ind1=" " ind2=" ">
    <subfield code="a">509.031</subfield>
  </datafield>
  <datafield tag="100" ind1=" " ind2=" ">
    <subfield code="a">Tae-kwan, Kim</subfield>
  </datafield>
  <datafield tag="245" ind1=" " ind2=" ">
    <subfield code="a">100 &#x179C;&#x17B7;&#x1791;&#x17D2;&#x1799;&#x17B6;&#x179F;&#x17B6;&#x179F;&#x17D2;&#x179A;&#x17D2;&#x178F;&#x17A2;&#x1797;&#x17B7;&#x179C;&#x178F;&#x17D2;&#x178F;&#x1793;&#x17CD;&#x1796;&#x17B7;&#x1797;&#x1796;&#x179B;&#x17C4;&#x1780; /</subfield>
    <subfield code="b">&#x1796;&#x17B8;&#x1780;&#x17B6;&#x179A;&#x179A;&#x1780;&#x1783;&#x17BE;&#x1789;&#x17B3;&#x179F;&#x1790;&#x1794;&#x17C9;&#x17C1;&#x1793;&#x17B8;&#x179F;&#x17CA;&#x17B8;&#x179B;&#x17D2;&#x179B;&#x17B8;&#x1793; &#x179A;&#x17A0;&#x17BC;&#x178F;&#x178A;&#x179B;&#x17CB;&#x1791;&#x17BC;&#x179A;&#x179F;&#x17D0;&#x1796;&#x17D2;&#x1791;&#x1791;&#x17C6;&#x1793;&#x17BE;&#x1794; : </subfield>
    <subfield code="c">&#x1793;&#x17B7;&#x1796;&#x1793;&#x17D2;&#x1792;&#x178A;&#x17C4;&#x1799; &#x1782;&#x17B8;&#x1798; &#x1790;&#x17C2;&#x1781;&#x17D2;&#x179C;&#x17B6;&#x1793;&#x17CB; &#x1793;&#x17B7;&#x1784; &#x17A2;&#x17CA;&#x17B8;&#x1798; &#x17A0;&#x17D2;&#x1799;&#x1784;&#x179C;&#x17BB;&#x1780; -&#x200B; &#x1782;&#x17BC;&#x179A;&#x179A;&#x17BC;&#x1794;&#x178A;&#x17C4;&#x1799; &#x1798;&#x17BB;&#x1793; &#x1795;&#x17D2;&#x179F;&#x1784;&#x1799;&#x17BB;&#x1793; - &#x1794;&#x1780;&#x1794;&#x17D2;&#x179A;&#x17C2;&#x1796;&#x17B8;&#x1797;&#x17B6;&#x179F;&#x17B6;&#x1790;&#x17C3;&#x178A;&#x17C4;&#x1799; &#x179C;&#x17C9;&#x17B6; &#x179F;&#x17BB;&#x179C;&#x178E;&#x17D2;&#x178E;&#x179A;&#x178A;&#x17D2;&#x178A;</subfield>
  </datafield>
  <datafield tag="250" ind1=" " ind2=" ">
    <subfield code="a">&#x1794;&#x17C4;&#x17C7;&#x1796;&#x17BB;&#x1798;&#x17D2;&#x1796;&#x179B;&#x17BE;&#x1780;&#x1791;&#x17B8; &#x17E2;&#x200B; &#x179F;&#x17B8;&#x17A0;&#x17B6;&#x200B; &#x17E2;&#x17E0;&#x17E2;&#x17E1; </subfield>
  </datafield>
  <datafield tag="260" ind1=" " ind2=" ">
    <subfield code="a">Phnom Penh : </subfield>
    <subfield code="b">Sipar, </subfield>
    <subfield code="c">2021.</subfield>
  </datafield>
  <datafield tag="300" ind1=" " ind2=" ">
    <subfield code="a">85 pages : </subfield>
    <subfield code="b">color illustrations ; </subfield>
    <subfield code="c">23 cm</subfield>
  </datafield>
  <datafield tag="490" ind1=" " ind2=" ">
    <subfield code="a">&#x1781;&#x17D2;&#x1789;&#x17BB;&#x17C6;&#x1785;&#x1784;&#x17CB;&#x178A;&#x17B9;&#x1784;</subfield>
    <subfield code="v">6</subfield>
  </datafield>
  <datafield tag="505" ind1=" " ind2=" ">
    <subfield code="a">Z'
</subfield>
  </datafield>
  <datafield tag="520" ind1=" " ind2=" ">
    <subfield code="a">&#x1793;&#x17C5;&#x1780;&#x17D2;&#x1793;&#x17BB;&#x1784;&#x1795;&#x17D2;&#x1793;&#x17C2;&#x1780;&#x1791;&#x17B8;&#x17E6;&#x1793;&#x17C3;&#x179F;&#x17C0;&#x179C;&#x1797;&#x17C5;&#x1790;&#x17D2;&#x179B;&#x17BB;&#x1780;&#x1780;&#x17C6;&#x1794;&#x17D2;&#x179B;&#x17C2;&#x1784;&#x1793;&#x17C1;&#x17C7; &#x1794;&#x1784;&#x17D2;&#x17A0;&#x17B6;&#x1789;&#x17A2;&#x17C6;&#x1796;&#x17B8;&#x1780;&#x17B6;&#x179A;&#x179A;&#x1780;&#x1783;&#x17BE;&#x1789;&#x17B3;&#x179F;&#x1790;&#x1794;&#x17C9;&#x17C1;&#x1793;&#x17B7;&#x179F;&#x17CA;&#x17B8;&#x179B;&#x17D2;&#x179B;&#x17B8;&#x1793; &#x1780;&#x17B6;&#x179A;&#x179A;&#x1796;&#x1784;&#x17D2;&#x179A;&#x17B8;&#x1780;&#x1781;&#x17D2;&#x179B;&#x17BD;&#x1793;&#x179A;&#x1794;&#x179F;&#x17CB;&#x1785;&#x1780;&#x17D2;&#x179A;&#x179C;&#x17B6;&#x179B; &#x1791;&#x17BC;&#x179A;&#x1791;&#x179F;&#x17D2;&#x179F;&#x1793;&#x17CD;&#x1793;&#x17B7;&#x1784;&#x1780;&#x17B6;&#x179A;&#x1795;&#x17D2;&#x179F;&#x17B6;&#x1799;&#x179F;&#x1798;&#x17D2;&#x179B;&#x17C1;&#x1784; &#x1780;&#x17B6;&#x179A;&#x1794;&#x1784;&#x17D2;&#x1780;&#x17BE;&#x178F;&#x1793;&#x17B8;&#x17A1;&#x17BB;&#x1784; &#x1780;&#x17B6;&#x179A;&#x17A2;&#x1797;&#x17B7;&#x179C;&#x178C;&#x17D2;&#x178D;&#x1790;&#x17B6;&#x1798;&#x1796;&#x179B;&#x1793;&#x17BB;&#x1799;&#x1780;&#x17D2;&#x179B;&#x17C1;&#x17A2;&#x17CA;&#x17C2;&#x179A; &#x1782;&#x1798;&#x17D2;&#x179A;&#x17C4;&#x1784;&#x1780;&#x17B6;&#x179A;&#x178E;&#x17CD;&#x1798;&#x17C2;&#x1793;&#x17A0;&#x17B6;&#x178F;&#x17CB;&#x178F;&#x17B6;&#x1793;&#x17CB; &#x1780;&#x17B6;&#x179A;&#x1794;&#x1784;&#x17D2;&#x1780;&#x17BE;&#x178F;&#x1780;&#x17BB;&#x17C6;&#x1796;&#x17D2;&#x1799;&#x17BC;&#x1791;&#x17D0;&#x179A; &#x1780;&#x17B6;&#x179A;&#x1794;&#x1784;&#x17D2;&#x1780;&#x17BE;&#x178F;&#x1795;&#x17D2;&#x1780;&#x17B6;&#x1799;&#x179A;&#x178E;&#x1794; &#x1787;&#x17B6;&#x1793;&#x17CB;&#x178B;&#x17B6;&#x1793;&#x1796;&#x17D2;&#x179A;&#x17C7;&#x1785;&#x17D0;&#x1793;&#x17D2;&#x1791; &#x178A;&#x17BE;&#x1798;&#x1780;&#x17C6;&#x178E;&#x17BE;&#x178F;&#x17A2;&#x17CA;&#x17B8;&#x1793;&#x1792;&#x17BE;&#x178E;&#x17C2;&#x178F; &#x1793;&#x17B7;&#x1784;&#x1780;&#x17B6;&#x179A;&#x179A;&#x1780;&#x1783;&#x17BE;&#x1789;&#x1791;&#x17BC;&#x179A;&#x179F;&#x17D0;&#x1796;&#x17D2;&#x1791;&#x178A;&#x17C3;&#x1791;&#x17C6;&#x1793;&#x17BE;&#x1794;&#x17D4; </subfield>
  </datafield>
  <datafield tag="520" ind1=" " ind2=" ">
    <subfield code="a">Part six of a comic book series exploring the discovery of penicillin, the expansion of the television and broadcasting, the creation of nylon, the development of nuclear power, the Manhattan Project, the development of computers, and the development of lunar satellites. The origins of the Internet and the discovery of smart phones are also included.</subfield>
  </datafield>
  <datafield tag="521" ind1="8" ind2=" ">
    <subfield code="a">1060
</subfield>
    <subfield code="b">Lexile estimate
</subfield>
  </datafield>
  <datafield tag="521" ind1="8" ind2=" ">
    <subfield code="a">Z'
</subfield>
    <subfield code="b">Raz-Plus
</subfield>
  </datafield>
  <datafield tag="650" ind1=" " ind2=" ">
    <subfield code="a">&#x179C;&#x17B7;&#x1791;&#x17D2;&#x1799;&#x17B6;&#x179F;&#x17B6;&#x179F;&#x17D2;&#x179A;&#x17D2;&#x178F; </subfield>
    <subfield code="v">&#x179F;&#x17D2;&#x179A;&#x17B6;&#x179C;&#x1787;&#x17D2;&#x179A;&#x17B6;&#x179C; </subfield>
    <subfield code="x">&#x1780;&#x17B6;&#x179A;&#x17A2;&#x1797;&#x17B7;&#x179C;&#x178C;&#x17D2;&#x178D; </subfield>
    <subfield code="y">&#x1780;&#x17B6;&#x179A;&#x1794;&#x1784;&#x17D2;&#x1780;&#x17BE;&#x178F; </subfield>
  </datafield>
  <datafield tag="650" ind1=" " ind2=" ">
    <subfield code="a">Science </subfield>
    <subfield code="v">Discovery </subfield>
    <subfield code="x">Development </subfield>
    <subfield code="y">Creation </subfield>
  </datafield>
  <datafield tag="700" ind1=" " ind2=" ">
    <subfield code="a">Hyeong-wook, Im</subfield>
    <subfield code="e">Author</subfield>
  </datafield>
  <datafield tag="700" ind1=" " ind2=" ">
    <subfield code="a">Sung-hun, Jung</subfield>
    <subfield code="e">illustrator</subfield>
  </datafield>
  <datafield tag="700" ind1=" " ind2=" ">
    <subfield code="a">Sovannrath, Va</subfield>
    <subfield code="e">Translator</subfield>
  </datafield>
  <datafield tag="942" ind1=" " ind2=" ">
    <subfield code="2">ddc</subfield>
    <subfield code="c">KHB</subfield>
    <subfield code="n">0</subfield>
  </datafield>
  <datafield tag="999" ind1=" " ind2=" ">
    <subfield code="c">1732</subfield>
    <subfield code="d">1732</subfield>
  </datafield>
  <datafield tag="952" ind1=" " ind2=" ">
    <subfield code="0">0</subfield>
    <subfield code="1">0</subfield>
    <subfield code="2">ddc</subfield>
    <subfield code="4">0</subfield>
    <subfield code="7">0</subfield>
    <subfield code="8">KHMERNF</subfield>
    <subfield code="a">001</subfield>
    <subfield code="b">001</subfield>
    <subfield code="c">RHTK2</subfield>
    <subfield code="d">2023-09-21</subfield>
    <subfield code="l">0</subfield>
    <subfield code="o">TAE 509.031</subfield>
    <subfield code="p">2023-0691</subfield>
    <subfield code="r">2023-09-21 15:51:25</subfield>
    <subfield code="t">1</subfield>
    <subfield code="w">2023-09-21</subfield>
    <subfield code="y">KHB</subfield>
  </datafield>
  <datafield tag="952" ind1=" " ind2=" ">
    <subfield code="0">0</subfield>
    <subfield code="1">0</subfield>
    <subfield code="2">ddc</subfield>
    <subfield code="4">0</subfield>
    <subfield code="7">0</subfield>
    <subfield code="8">KHMERNF</subfield>
    <subfield code="a">001</subfield>
    <subfield code="b">001</subfield>
    <subfield code="c">RHTK2</subfield>
    <subfield code="d">2023-09-21</subfield>
    <subfield code="l">0</subfield>
    <subfield code="o">TAE 509.031</subfield>
    <subfield code="p">2023-0692</subfield>
    <subfield code="r">2023-09-21 15:51:34</subfield>
    <subfield code="t">2</subfield>
    <subfield code="w">2023-09-21</subfield>
    <subfield code="y">KHB</subfield>
  </datafield>
</record>
